[Event "Leipzig VfB op 10th"]
[Site "Leipzig"]
[Date "2003.03.12"]
[Round "3"]
[White "Tippmann, Petra"]
[Black "Lehmann, Lothar"]
[Result "0-1"]
[WhiteElo "1608"]
[BlackElo "1797"]
[PlyCount "80"]
[EventDate "2003.03.11"]
[EventType "swiss"]
[EventRounds "9"]
[EventCountry "GER"]
[SourceTitle "EXT 2008"]
[Source "ChessBase"]
[SourceDate "2007.11.25"]
[SourceVersion "1"]
[SourceVersionDate "2007.11.25"]
[SourceQuality "1"]

1. Nf3 d5 2. g3 Nf6 3. Bg2 Bf5 4. c4 e6 5. 0-0 h6 6. d3 Be7 7. Qb3 b6 8. Ne5 0-0 9. Nc3 c6 10. e4 dxe4 11. dxe4 Bh7 12. Rd1 Qc7 13. Bf4 g5 14. Ng6 gxf4 15. Nxf8 Kxf8 16. Re1 fxg3 17. hxg3 Nbd7 18. Nb5 cxb5 19. e5 bxc4 20. Rac1 Nd5 21. Rxc4 Nc5 22. Qf3 b5 23. Rf4 Bg5 24. Rd4 Rd8 25. Bh3 Kg7 26. Qe2 a6 27. Kh2 Bg6 28. f4 Nxf4 29. Rxf4 Bxf4 30. gxf4 Ne4 31. Rd1 Rxd1 32. Qxd1 Qa5 33. Qe2 Qd2 34. Qxd2 Nxd2 35. Kg3 Bb1 36. a3 Nc4 37. Bf1 Nxb2 38. Kf2 Bd3 39. Bg2 Nc4 40. Bb7 a5 0-1

[Event "Bad Zwesten op 7th"]
[Site "Bad Zwesten"]
[Date "2003.??.??"]
[Round "5"]
[White "Rafiee, Makan"]
[Black "Tippmann, Petra"]
[Result "1/2-1/2"]
[WhiteElo "1555"]
[BlackElo "1599"]
[PlyCount "30"]
[EventDate "2003.01.02"]
[EventType "swiss"]
[EventRounds "9"]
[EventCountry "GER"]
[SourceTitle "CBM 092 Extra"]
[Source "ChessBase"]
[SourceDate "2003.03.07"]
[SourceVersion "1"]
[SourceVersionDate "2003.03.07"]
[SourceQuality "1"]

1. e4 d5 2. exd5 Qxd5 3. Nc3 Qa5 4. d4 Nf6 5. Bc4 c6 6. Bd2 Qc7 7. Nf3 Bf5 8. Bb3 e6 9. Qe2 Bb4 10. a3 Bxc3 11. Bxc3 Nbd7 12. 0-0 Nd5 13. Bd2 N7f6 14. c4 Ne7 15. Rac1 Rd8 1/2-1/2

[Event "Bad Zwesten op 7th"]
[Site "Bad Zwesten"]
[Date "2003.??.??"]
[Round "6"]
[White "Sergin, Mark"]
[Black "Tippmann, Petra"]
[Result "1/2-1/2"]
[WhiteElo "1345"]
[BlackElo "1599"]
[PlyCount "29"]
[EventDate "2003.01.02"]
[EventType "swiss"]
[EventRounds "9"]
[EventCountry "GER"]
[SourceTitle "CBM 092 Extra"]
[Source "ChessBase"]
[SourceDate "2003.03.07"]
[SourceVersion "1"]
[SourceVersionDate "2003.03.07"]
[SourceQuality "1"]

1. d4 d5 2. c4 e6 3. Nc3 c6 4. Nf3 Nf6 5. Bg5 Be7 6. e3 Nbd7 7. Bd3 dxc4 8. Bxc4 0-0 9. 0-0 b5 10. Bd3 a6 11. Qc2 h6 12. Bh4 c5 13. dxc5 Nxc5 14. Rfd1 Nxd3 15. Qxd3 1/2-1/2

[Event "Bad Zwesten op 6th"]
[Site "Bad Zwesten"]
[Date "2002.01.08"]
[Round "7"]
[White "Rafiee, Makan"]
[Black "Tippmann, Petra"]
[Result "0-1"]
[WhiteElo "1435"]
[BlackElo "1638"]
[PlyCount "82"]
[EventDate "2002.01.04"]
[EventType "swiss"]
[EventRounds "9"]
[EventCountry "GER"]
[SourceTitle "CBM 086 Extra"]
[Source "ChessBase"]
[SourceDate "2002.03.14"]
[SourceVersion "1"]
[SourceVersionDate "2002.03.14"]
[SourceQuality "1"]

1. e4 d5 2. exd5 Qxd5 3. Nc3 Qa5 4. d4 Nf6 5. Bc4 c6 6. Bd2 Qc7 7. Qe2 Bf5 8. 0-0-0 Nbd7 9. Nf3 e6 10. Rhe1 Bd6 11. h3 Nb6 12. Bb3 0-0-0 13. Kb1 h6 14. Ne5 Rhe8 15. Bf4 Nfd5 16. Nxd5 exd5 17. Qf3 f6 18. Bg3 Bh7 19. Nd3 Kb8 20. Bxd6 Qxd6 21. Nc5 Nd7 22. Qg3 Qxg3 23. Nxd7+ Kc7 24. fxg3 Kxd7 25. a3 Be4 26. Re2 Re7 27. Ka2 Rde8 28. Rdd2 f5 29. c3 Re6 30. Bc2 Rg6 31. Bxe4 fxe4 32. g4 Rf8 33. c4 Rgf6 34. cxd5 cxd5 35. Kb1 Rc6 36. Rc2 Rf1+ 37. Ka2 Rxc2 38. Rxc2 Rd1 39. Rf2 Ke6 40. Kb3 Rxd4 41. Kc3 Rd3+ 0-1

[Event "Bad Zwesten op 6th"]
[Site "Bad Zwesten"]
[Date "2002.01.07"]
[Round "6"]
[White "Tippmann, Petra"]
[Black "Lauer, Boris"]
[Result "0-1"]
[WhiteElo "1638"]
[BlackElo "1814"]
[PlyCount "112"]
[EventDate "2002.01.04"]
[EventType "swiss"]
[EventRounds "9"]
[EventCountry "GER"]
[SourceTitle "CBM 086 Extra"]
[Source "ChessBase"]
[SourceDate "2002.03.14"]
[SourceVersion "1"]
[SourceVersionDate "2002.03.14"]
[SourceQuality "1"]

1. d4 d5 2. Nf3 Nf6 3. Bf4 e6 4. e3 c5 5. c3 Nc6 6. Nbd2 c4 7. a4 Nh5 8. Bg3 Qb6 9. Qc2 Nxg3 10. hxg3 h6 11. Be2 Be7 12. e4 Bd7 13. Nh2 Na5 14. Bf3 Bc6 15. Nhf1 dxe4 16. Bxe4 a6 17. Ne3 Bxe4 18. Nxe4 Qc6 19. Ng4 f5 20. Ne5 Qxe4+ 21. Qxe4 fxe4 22. Ng6 Rg8 23. Rh5 Nc6 24. Nxe7 Kxe7 25. Rh4 Rgf8 26. Rxe4 Kd6 27. f3 Rae8 28. g4 e5 29. d5 Kxd5 30. Rd1+ Ke6 31. Rxc4 Rd8 32. Rb1 Rd7 33. b4 Rf4 34. Re4 Rxe4+ 35. fxe4 b5 36. axb5 axb5 37. Ke2 Ne7 38. Ra1 Rd6 39. Ra5 Rb6 40. Ke3 Nc8 41. g3 Nd6 42. Ra7 Rb7 43. Ra6 Rc7 44. Kd3 Rd7 45. Ke3 Kf6 46. Rc6 Kg5 47. Rc5 Kxg4 48. Ke2 Nxe4 49. Rxe5 Nxg3+ 50. Ke3 Rb7 51. Re6 g5 52. Kf2 h5 53. Re3 h4 54. Rd3 Re7 55. c4 bxc4 56. Rd4+ Re4 0-1

[Event "Bad Zwesten op 6th"]
[Site "Bad Zwesten"]
[Date "2002.01.06"]
[Round "4"]
[White "Tippmann, Petra"]
[Black "Ackermann, Frank"]
[Result "1/2-1/2"]
[WhiteElo "1638"]
[BlackElo "1908"]
[PlyCount "103"]
[EventDate "2002.01.04"]
[EventType "swiss"]
[EventRounds "9"]
[EventCountry "GER"]
[SourceTitle "CBM 086 Extra"]
[Source "ChessBase"]
[SourceDate "2002.03.14"]
[SourceVersion "1"]
[SourceVersionDate "2002.03.14"]
[SourceQuality "1"]

1. d4 d5 2. Nf3 Nf6 3. Bf4 c5 4. c3 Nc6 5. e3 cxd4 6. exd4 g6 7. Be2 Bg7 8. 0-0 0-0 9. Nbd2 Nh5 10. Bg3 a6 11. Bh4 Nf4 12. Re1 Qb6 13. Qb3 Qxb3 14. Nxb3 Bg4 15. Bd1 Nd3 16. Re3 Nxb2 17. Bxe7 Rfe8 18. Bg5 h6 19. Rxe8+ Rxe8 20. Bd2 Nxd1 21. Rxd1 Bxf3 22. gxf3 b6 23. f4 f5 24. Nc1 Na5 25. Nd3 Re4 26. Ne5 Bxe5 27. fxe5 Nc4 28. Bxh6 Re2 29. Rd3 Rxa2 30. Rg3 Kf7 31. h4 Re2 32. h5 gxh5 33. Rg7+ Ke8 34. Rg5 a5 35. Rxf5 a4 36. Kf1 Rc2 37. Bf8 h4 38. Bb4 a3 39. Rf8+ Kd7 40. Rf7+ Kc6 41. Bxa3 Nxa3 42. Rh7 Rxc3 43. Rxh4 Nc4 44. Ke2 Rc2+ 45. Ke1 Rc1+ 46. Ke2 Rg1 47. f4 b5 48. f5 Rg8 49. Rh6+ Kd7 50. Rh7+ Kc6 51. Rh6+ Kd7 52. Rh7+ 1/2-1/2